| 000 | 01012cam a22002651i 4500 | ||
|---|---|---|---|
| 003 | SA-RiAUC | ||
| 005 | 20250707164406.0 | ||
| 008 | 250622s1954 ua g 000 0 ara c | ||
| 040 |
_aKW-ShULA _bara _cSA-RiAUC _erda |
||
| 082 | 0 | 4 |
_a225.4 _qSA-RiAUC |
| 090 |
_a225.4 _bت ي م |
||
| 100 | 0 |
_a التيمي، أبو عبيدة معمر بن المثنى، _d110-209 هجري _eمؤلف. |
|
| 245 | 1 | 0 |
_aمجاز القرآن / _cأبو عبيدة معمر بن المثني ؛ علق عليه فؤاد سزكين. |
| 250 | _aالطبعة الثانية. | ||
| 264 | 1 |
_aالقاهرة : _bمكتبة الخانجي، _c1954 |
|
| 300 |
_aمجلد ؛ _c24 سم |
||
| 336 |
_aنص _btxt _2rdacontent _3كتاب |
||
| 337 |
_aبدون وسيط _bn _2rdamedia |
||
| 338 |
_aمجلد _bnc _2rdacarrier |
||
| 630 | 2 | 7 |
_aالقرآن _xبلاغة _2aucut |
| 700 | 1 |
_aسزكين، فؤاد، _d1924-2018 _eمعلق. |
|
| 730 | 2 | 2 | _aالقرآن |
| 942 |
_2ddc _cRARE BOOK _n0 |
||
| 949 |
_aSA-JeALM _d250622 _umohamedma123 _n1 |
||
| 999 |
_c9566 _d9566 |
||